000 01028nam a22002417a 4500
001 80416
003 BD-RjUL
005 20230514155724.0
008 220924s2004 bg a|||| m||| 00| 0 eng d
035 _a(BD-RjUL)80416
040 _aBD-RjUL
_beng
_cBD-RjUL
_dBD-RjUL
041 _aeng
082 _223
_a583.78
_bKHA 2004
100 _aKhatun, Shahanaz
_94957
245 1 0 _aAnalysis on the nutrient compositions of Two varieties of Sajna (Moringa Oleifera L. ) leaves and purification, characterization and Structure-Function analysis of Sajna Leaves protein /
_cShahanaz Khatun ;
_6Supervisor : Nurul, Absar
260 _aRajshahi :
_bDepartment of Biochemistry and Molecular Biology, University of Rajshahi,
_c2004
300 _avii, 114 leaves :
_bill, ;
_c29.cm.
502 _aThesis (Ph. D.) -- Department of Biochemistry and Molecular Biology, University of Rajshahi, 2004
504 _aReferences : Leaves 102 - 113
650 _aMoringa oleifera
_94958
700 _aAbsar, Nurul, Supervisor
_93389
942 _2ddc
_cTHE
999 _c80416
_d80416